<?xml version="1.0" encoding="UTF-8"?><?xml-stylesheet type="text/xsl" href="static/style.xsl"?><OAI-PMH xmlns="http://www.openarchives.org/OAI/2.0/" xmlns:xsi="http://www.w3.org/2001/XMLSchema-instance" xsi:schemaLocation="http://www.openarchives.org/OAI/2.0/ http://www.openarchives.org/OAI/2.0/OAI-PMH.xsd"><responseDate>2026-04-18T04:16:01Z</responseDate><request verb="GetRecord" identifier="oai:www.recercat.cat:10459.1/71823" metadataPrefix="marc">https://recercat.cat/oai/request</request><GetRecord><record><header><identifier>oai:recercat.cat:10459.1/71823</identifier><datestamp>2024-12-04T13:03:50Z</datestamp><setSpec>com_2072_3622</setSpec><setSpec>col_2072_478537</setSpec></header><metadata><record xmlns="http://www.loc.gov/MARC21/slim" xmlns:dcterms="http://purl.org/dc/terms/" xmlns:xsi="http://www.w3.org/2001/XMLSchema-instance" xmlns:doc="http://www.lyncode.com/xoai" xsi:schemaLocation="http://www.loc.gov/MARC21/slim http://www.loc.gov/standards/marcxml/schema/MARC21slim.xsd">
   <leader>00925njm 22002777a 4500</leader>
   <datafield ind2=" " ind1=" " tag="042">
      <subfield code="a">dc</subfield>
   </datafield>
   <datafield ind2=" " ind1=" " tag="720">
      <subfield code="a">Alonso Giró, Anna</subfield>
      <subfield code="e">author</subfield>
   </datafield>
   <datafield ind2=" " ind1=" " tag="260">
      <subfield code="c">2021-09-08T11:15:56Z</subfield>
   </datafield>
   <datafield ind2=" " ind1=" " tag="260">
      <subfield code="c">2021-09-08T11:15:56Z</subfield>
   </datafield>
   <datafield ind2=" " ind1=" " tag="260">
      <subfield code="c">2021-05</subfield>
   </datafield>
   <datafield ind2=" " ind1=" " tag="520">
      <subfield code="a">Introducció: La teràpia transfusional és una activitat que es porta duent a terme des de l’antiguitat. No obstant, les dades actuals exposen que el nivell de coneixement sanitari sobre aquesta pràctica i l’aparició d’esdeveniments adversos en el transcurs del procediment són dos punts que encara cal reforçar en la formació sanitària per aconseguir, dins la pràctica infermera, la implementació d’una cura transfusional de qualitat.&#xd;
Objectiu: Avaluar l’efecte que té la participació en una intervenció formativa, sobre la teràpia transfusional i l’ús d’hemoderivats, en el grau de coneixements i habilitat en la tècnica transfusional dels estudiants del segon curs del Grau d’Infermeria de la Universitat de Lleida.&#xd;
Metodologia: Es realitza una recerca bibliogràfica per bases de dades de web científiques: PubMed, Scopus, Cuiden Plus i Enfermería al día.&#xd;
Conclusions: Actualment és necessari augmentar les nocions sobre medicina transfusional juntament amb l’habilitat pràctica del col·lectiu sanitari d’infermeria en l’administració de components sanguinis. La incorporació d’intervencions formatives específiques sobre aquesta matèria dins els plans acadèmics dels estudiants universitaris, a través de mòduls teòrics que es combinen amb l’ús d’escenaris d’actuació dins un entorn de simulació clínica, pot convertir als alumnes d’infermeria en professionals involucrats i competents en el tema.</subfield>
   </datafield>
   <datafield ind2=" " ind1=" " tag="520">
      <subfield code="a">Introduction: The transfusion therapy is an activity that has been practiced since ancient times. However, the current statistics show that the knowledge level of the medical staff and the occurrence of adverse events in the course of the process are two points that need to be reinforced on the nursing and medical formation to obtain a high-quality transfusion cure on the clinical practice.&#xd;
Aims: Evaluate the effect on the knowledge level and skill technique of the second-year students of Nursing Degree from the University of Lleida which participate in a formative intervention about transfusion therapy and clinical uses of blood components.&#xd;
Methodology: A bibliographical search is realized in several databases and scientific web pages: PubMed, Scopus, Cuiden Plus and Enfermería al día.&#xd;
Conclusions: Currently, it is necessary to increase the transfusions medicine notions and clinical practice of medical staff in the administration of blood components. The incorporation of specific training interventions on this subject in the academic plans of university students trough theoretical modules combined with different clinical simulation performance environments can transform the nursing students in involved and competent professionals in this area.</subfield>
   </datafield>
   <datafield ind1="8" ind2=" " tag="024">
      <subfield code="a">http://hdl.handle.net/10459.1/71823</subfield>
   </datafield>
   <datafield tag="653" ind2=" " ind1=" ">
      <subfield code="a">Transfusió de sang</subfield>
   </datafield>
   <datafield tag="653" ind2=" " ind1=" ">
      <subfield code="a">Seguretat transfusional</subfield>
   </datafield>
   <datafield tag="653" ind2=" " ind1=" ">
      <subfield code="a">Formació continuada i simulació clínica</subfield>
   </datafield>
   <datafield tag="653" ind2=" " ind1=" ">
      <subfield code="a">Nursing</subfield>
   </datafield>
   <datafield tag="653" ind2=" " ind1=" ">
      <subfield code="a">Blood transfusion</subfield>
   </datafield>
   <datafield tag="653" ind2=" " ind1=" ">
      <subfield code="a">Blood safety</subfield>
   </datafield>
   <datafield tag="653" ind2=" " ind1=" ">
      <subfield code="a">Continuing education and clinical simulation</subfield>
   </datafield>
   <datafield tag="653" ind2=" " ind1=" ">
      <subfield code="a">Infermeria</subfield>
   </datafield>
   <datafield tag="653" ind2=" " ind1=" ">
      <subfield code="a">Sang--Transfusió</subfield>
   </datafield>
   <datafield tag="653" ind2=" " ind1=" ">
      <subfield code="a">Infermeria--Ensenyament</subfield>
   </datafield>
   <datafield ind2="0" ind1="0" tag="245">
      <subfield code="a">Intervenció formativa sobre teràpia transfusional i ús d’hemoderivats dirigida a estudiants d’infermeria</subfield>
   </datafield>
</record></metadata></record></GetRecord></OAI-PMH>